<?xml version="1.0" encoding="UTF-8"?>
<collection xmlns:xsi="http://www.w3.org/2001/XMLSchema-instance" xsi:schemaLocation="http://www.loc.gov/MARC21/slim http://www.loc.gov/standards/marcxml/schema/MARC21slim.xsd" xmlns="http://www.loc.gov/MARC21/slim">
 <record>
  <leader>00000nam a2200000 i 4500</leader>
  <controlfield tag="001">UP-8027390931311900303</controlfield>
  <controlfield tag="003">Buklod</controlfield>
  <controlfield tag="005">20250507115753.0</controlfield>
  <controlfield tag="006">m    |o  d |      </controlfield>
  <controlfield tag="007">ta</controlfield>
  <controlfield tag="008">250507s2022    enk     rb   |001 0|eng d</controlfield>
  <datafield tag="020" ind1=" " ind2=" ">
   <subfield code="a">9781032132624 (pbk)</subfield>
  </datafield>
  <datafield tag="035" ind1=" " ind2=" ">
   <subfield code="a">22055594</subfield>
  </datafield>
  <datafield tag="037" ind1=" " ind2=" ">
   <subfield code="a">BC-75737</subfield>
   <subfield code="b">Mind Mover Publishing House  Inc.</subfield>
   <subfield code="c">Php3,380.00</subfield>
   <subfield code="n">Department of History and Philosophy</subfield>
  </datafield>
  <datafield tag="040" ind1=" " ind2=" ">
   <subfield code="a">DLC</subfield>
   <subfield code="d">BAG</subfield>
   <subfield code="e">rda</subfield>
  </datafield>
  <datafield tag="041" ind1="0" ind2=" ">
   <subfield code="a">eng</subfield>
  </datafield>
  <datafield tag="090" ind1=" " ind2="0">
   <subfield code="a">HM 447 </subfield>
   <subfield code="b">E54 2022</subfield>
  </datafield>
  <datafield tag="100" ind1="1" ind2=" ">
   <subfield code="a">Elliott, Anthony</subfield>
   <subfield code="d">1964-</subfield>
   <subfield code="e">author.</subfield>
  </datafield>
  <datafield tag="245" ind1="1" ind2="0">
   <subfield code="a">Contemporary social theory</subfield>
   <subfield code="b">an introduction</subfield>
   <subfield code="c">Anthony Elliott.</subfield>
  </datafield>
  <datafield tag="250" ind1=" " ind2=" ">
   <subfield code="a">Third edition.</subfield>
  </datafield>
  <datafield tag="264" ind1=" " ind2="1">
   <subfield code="a">Abingdon, Oxon, [England]</subfield>
   <subfield code="b">Routledge, an imprint of the Taylor &amp; Francis Group</subfield>
   <subfield code="c">2022.</subfield>
  </datafield>
  <datafield tag="300" ind1=" " ind2=" ">
   <subfield code="a">xvii, 442 pages</subfield>
   <subfield code="c">24 cm</subfield>
  </datafield>
  <datafield tag="336" ind1=" " ind2=" ">
   <subfield code="a">text</subfield>
   <subfield code="2">rdacontent</subfield>
  </datafield>
  <datafield tag="337" ind1=" " ind2=" ">
   <subfield code="a">unmediated</subfield>
   <subfield code="2">rdamedia</subfield>
  </datafield>
  <datafield tag="338" ind1=" " ind2=" ">
   <subfield code="a">volume</subfield>
   <subfield code="2">rdacarrier</subfield>
  </datafield>
  <datafield tag="504" ind1=" " ind2=" ">
   <subfield code="a">Includes bibliographical references and index.</subfield>
  </datafield>
  <datafield tag="505" ind1="0" ind2=" ">
   <subfield code="a">The textures of society -- The contemporary relevance of the classics -- The Frankfurt School -- Structuralism -- Post-structuralism -- Theories of structuration -- Contemporary critical theory -- Feminism and post-feminist theory -- Postmodernity -- Networks, risks, liquids -- Globalization -- The digital revolution: posthumanism and beyond -- Afterword: social theory today and towards 2050.</subfield>
  </datafield>
  <datafield tag="520" ind1=" " ind2=" ">
   <subfield code="a">&quot;Now in its third edition, Anthony Elliott's comprehensive, stylish and accessible introduction continues to be the indispensable guide to social theory. Fully revised and updated, the book examines the major theoretical traditions from the Frankfurt School to posthumanism, and from feminism and post-structuralism to globalization theory and beyond. Classical debates in social theory are given careful appraisal, as are the major contemporary theorists - including Jurgen Habermas, Judith Butler, Anthony Giddens, Pierre Bourdieu, Julia Kristeva, Slavoj Zizek, Manuel Castells, Ulrich Beck, Zygmunt Bauman, Shoshana Zuboff and Bernard Stiegler. This edition includes a new chapter on the digital revolution, with consideration of how digital technologies in general and artificial intelligence in particular are resahaping societies. Like its predecessors, the third edition of Contemporary Social Theory combines stylish exposition with reflective social critique and original insights. This volume will prove a superb textbook with which to navigate the twists and turns of contemporary social theory as taught in the disciplines of sociology, politics, cultural and media studies and many more&quot;--Provided by publisher.</subfield>
  </datafield>
  <datafield tag="650" ind1=" " ind2="0">
   <subfield code="a">Sociology</subfield>
   <subfield code="x">Philosophy.</subfield>
  </datafield>
  <datafield tag="650" ind1=" " ind2="0">
   <subfield code="a">Social sciences</subfield>
   <subfield code="x">Philosophy.</subfield>
  </datafield>
  <datafield tag="650" ind1=" " ind2="0">
   <subfield code="a">Sociology</subfield>
   <subfield code="x">Philosophy</subfield>
   <subfield code="x">History</subfield>
   <subfield code="y">20th century.</subfield>
  </datafield>
  <datafield tag="650" ind1=" " ind2="0">
   <subfield code="a">Social sciences</subfield>
   <subfield code="x">Philosophy</subfield>
   <subfield code="x">History</subfield>
   <subfield code="y">20th century.</subfield>
  </datafield>
  <datafield tag="905" ind1=" " ind2=" ">
   <subfield code="a">FO</subfield>
  </datafield>
  <datafield tag="852" ind1="0" ind2=" ">
   <subfield code="a">UPBAG</subfield>
   <subfield code="b">UPBAG-MAIN</subfield>
   <subfield code="h">HM 447</subfield>
   <subfield code="i">E54 2022</subfield>
  </datafield>
  <datafield tag="942" ind1=" " ind2=" ">
   <subfield code="a">Book</subfield>
  </datafield>
 </record>
</collection>
